[Event "4th London Classic Open"]
[Site "London ENG"]
[Date "2012.12.05"]
[Round "5"]
[White "Kojima,S"]
[Black "Iwanow,A"]
[Result "1-0"]
[WhiteTitle "FM"]
[BlackTitle "WIM"]
[WhiteElo "2340"]
[BlackElo "2188"]
[WhiteFideId "7000812"]
[BlackFideId "1135988"]
[EventDate "2012.12.01"]

1. Nf3 Nf6 2. c4 g6 3. g3 Bg7 4. Bg2 d6 5. d4 O-O 6. O-O Nc6 7. Nc3 Bg4 8. d5
Na5 9. Nd2 c5 10. Qc2 a6 11. h3 Bd7 12. b3 b5 13. Bb2 Rb8 14. Rab1 Qc7 15. e4 e5
16. Nd1 bxc4 17. bxc4 Nh5 18. Ne3 Rb7 19. Bc3 Rfb8 20. Kh2 Bh6 21. Rxb7 Nxb7 22.
Ng4 Bg7 23. Rb1 f5 24. exf5 gxf5 25. Ne3 Qc8 26. Rb6 a5 27. Qb1 a4 28. a3 Bf6
29. Bf3 Ng7 30. Bg2 Bd8 31. Rb2 h5 32. h4 Be8 33. Bh3 Bg6 34. f4 e4 35. Nxe4 Qc7
36. Nxd6 1-0

[Event "4th London Classic Open"]
[Site "London ENG"]
[Date "2012.12.05"]
[Round "5"]
[White "Marusenko,P"]
[Black "Holzke,F"]
[Result "0-1"]
[WhiteTitle "IM"]
[BlackTitle "GM"]
[WhiteElo "2197"]
[BlackElo "2521"]
[WhiteFideId "14100606"]
[BlackFideId "4600428"]
[EventDate "2012.12.01"]

1. d4 Nf6 2. c4 g6 3. Nc3 d5 4. Nf3 Bg7 5. cxd5 Nxd5 6. e3 O-O 7. Bc4 Nxc3 8.
bxc3 c5 9. O-O Qc7 10. Qe2 Nc6 11. Bb2 e5 12. dxe5 Bg4 13. e6 fxe6 14. h3 Bxf3
15. gxf3 Kh8 16. f4 e5 17. fxe5 Nxe5 18. Bd5 c4 19. Be4 Nd3 20. Ba3 Rfe8 21. Qf3
Qa5 22. Bd6 Rad8 23. Bg3 Rf8 24. Qg4 Qxc3 25. Rab1 b6 26. Bc7 Rde8 27. Bd6 Nxf2
28. Rxf2 Rxf2 29. Bf4 Rxf4 30. Qxf4 Qe5 31. Qxe5 Rxe5 32. Rd1 Rxe4 33. Rd8+ Bf8
34. Rxf8+ Kg7 35. Ra8 Rxe3 36. Rxa7+ Kh6 37. Rc7 b5 38. Rc5 Rxh3 39. Rxb5 Ra3
40. Rb2 Kg5 41. Rg2+ Kf4 42. Rc2 c3 43. Kf2 h5 44. Ke2 Ke4 45. Kd1 Kf3 46. Rh2
Kg3 47. Re2 h4 48. Re5 Rxa2 49. Rg5+ Kf4 50. Rxg6 h3 0-1

[Event "4th London Classic Open"]
[Site "London ENG"]
[Date "2012.12.05"]
[Round "5"]
[White "Arkell,K"]
[Black "Fayard,A"]
[Result "1/2-1/2"]
[WhiteTitle "GM"]
[BlackTitle "FM"]
[WhiteElo "2470"]
[BlackElo "2202"]
[WhiteFideId "400270"]
[BlackFideId "600857"]
[EventDate "2012.12.01"]

1. d4 e6 2. c4 Bb4+ 3. Bd2 a5 4. Nf3 Nf6 5. g3 b6 6. Bg2 Bb7 7. O-O O-O 8. Bg5
Be7 9. Nc3 Ne4 10. Bxe7 Qxe7 11. Qd3 Nxc3 12. Qxc3 d6 13. Qd3 f5 14. Ne1 Bxg2
15. Nxg2 Nd7 16. e4 fxe4 17. Qxe4 e5 18. Rae1 Qf7 19. Ne3 Nf6 20. Qd3 e4 21. Qb3
h6 22. Nd5 Nxd5 23. cxd5 Rae8 24. Re3 Kh8 25. Qc4 Qd7 26. Rfe1 Qf5 27. R1e2 Re7
28. a3 Kg8 29. Qc2 Rfe8 30. Qb3 Rf8 31. Qc4 Kh8 32. b4 axb4 33. axb4 Kg8 34. Qa2
Kh8 35. Ra3 Qf6 36. Ra8 Rxa8 37. Qxa8+ Kh7 38. Qa1 Qf5 39. Qa2 Qf7 40. Qc4 Kg8
41. Re3 Re8 42. Qb3 Re7 43. b5 Re8 44. h4 h5 45. Qa2 g6 46. Rc3 Re7 47. Ra3 Kg7
48. Re3 Qf6 49. Qb2 Qf5 50. Qb3 Qf6 51. Qc4 Qf5 52. f3 Rf7 53. f4 Re7 54. Kg2
Kh7 55. Qa2 Qf6 56. Qa4 Kg7 57. Qc4 1/2-1/2

[Event "4th London Classic Open"]
[Site "London ENG"]
[Date "2012.12.05"]
[Round "5"]
[White "Radovanovic,J"]
[Black "Moloney,N"]
[Result "1-0"]
[WhiteTitle "FM"]
[WhiteElo "2361"]
[BlackElo "2168"]
[WhiteFideId "915912"]
[BlackFideId "405558"]
[EventDate "2012.12.01"]

1. d4 Nf6 2. c4 e6 3. Nc3 d5 4. cxd5 exd5 5. Bg5 Be7 6. e3 Nbd7 7. Bd3 Nf8 8.
Nge2 Ne6 9. Bh4 O-O 10. O-O c5 11. dxc5 Nxc5 12. Bc2 Bg4 13. f3 Be6 14. Nd4 Qb6
15. Rb1 a5 16. Kh1 Rfe8 17. Qd2 Rac8 18. Rfd1 g6 19. a3 Qd8 20. Rbc1 Qb6 21. Bb1
Nfd7 22. Bxe7 Rxe7 23. b4 1-0

[Event "4th London Classic Open"]
[Site "London ENG"]
[Date "2012.12.05"]
[Round "5"]
[White "Semprun Martinez,F"]
[Black "Richardson,Joh"]
[Result "1/2-1/2"]
[BlackTitle "FM"]
[WhiteElo "2183"]
[BlackElo "2320"]
[WhiteFideId "2203170"]
[BlackFideId "401617"]
[EventDate "2012.12.01"]

1. e4 c6 2. d4 d5 3. e5 Bf5 4. Nf3 e6 5. Be2 Nd7 6. O-O h6 7. Nbd2 Ne7 8. Nb3
Nc8 9. a4 a5 10. Bd2 Be7 11. Qe1 Bxc2 12. Nxa5 Ra7 13. Qc1 Be4 14. b4 Ncb6 15.
Qc3 O-O 16. Ne1 f6 17. f3 Bf5 18. f4 fxe5 19. fxe5 Qe8 20. Nd3 Be4 21. Nf4 Bg5
22. Qg3 Bxf4 23. Rxf4 Rxf4 24. Qxf4 Qg6 25. Qf2 Bc2 26. Ra3 Nf8 27. Rg3 Qh7 28.
Bh5 Bg6 29. Bxg6 1/2-1/2

[Event "4th London Classic Open"]
[Site "London ENG"]
[Date "2012.12.05"]
[Round "5"]
[White "Kvisvik,B"]
[Black "Dole,A"]
[Result "0-1"]
[WhiteTitle "FM"]
[WhiteElo "2316"]
[BlackElo "2138"]
[WhiteFideId "1502999"]
[BlackFideId "14301490"]
[EventDate "2012.12.01"]

1. e4 e6 2. d4 d5 3. Nc3 Bb4 4. e5 c5 5. a3 Bxc3+ 6. bxc3 Ne7 7. Qg4 O-O 8. Bd3
f5 9. exf6 Rxf6 10. Bg5 Rf7 11. Qh5 g6 12. Qd1 Qa5 13. Bd2 Nbc6 14. Nf3 e5 15.
Nxe5 Nxe5 16. dxe5 c4 17. Be2 Nc6 18. f4 Qc5 19. Bf3 Bf5 20. g4 Be6 21. Qe2 Rd8
22. Rf1 d4 23. Bxc6 Qxc6 24. f5 gxf5 25. Bg5 d3 26. Qe3 f4 27. Qf3 Rd5 28. Bf6
Rxf6 29. exf6 Re5+ 30. Kd2 Re2+ 31. Qxe2 dxe2 32. Rxf4 Qd6+ 33. Rd4 Qxh2 34. Re1
Qh6+ 35. Kxe2 Qxf6 36. Rf1 Qg6 37. Kd2 Bxg4 38. Rff4 Bf5 39. Rxc4 Qg2+ 40. Ke3
Qxc2 41. Kd4 Be6 42. Rc5 Qg6 43. Re5 Bf7 44. Ref5 Qb6+ 45. Ke5 Qc7+ 46. Kf6
Qxc3+ 47. Re5 Qc6+ 48. Kg5 Bg6 49. a4 Qd6 50. Re1 h6+ 0-1

[Event "4th London Classic Open"]
[Site "London ENG"]
[Date "2012.12.05"]
[Round "5"]
[White "Rodriguez,Vidal"]
[Black "Osborne,M"]
[Result "0-1"]
[WhiteElo "2148"]
[BlackElo "2280"]
[WhiteFideId "3901343"]
[BlackFideId "404608"]
[EventDate "2012.12.01"]

1. d4 e6 2. c4 Nf6 3. Nc3 Bb4 4. e3 b6 5. Ne2 Bb7 6. a3 Be7 7. d5 O-O 8. g3 b5
9. b3 a5 10. Bg2 b4 11. axb4 axb4 12. Rxa8 Bxa8 13. Na4 Na6 14. O-O Nc5 15. Nxc5
Bxc5 16. Bb2 d6 17. Nf4 e5 18. Nd3 Nd7 19. Qd2 Qb8 20. Ra1 f5 21. Ra4 Qb6 22.
Nxc5 Nxc5 23. Rxb4 Qa5 24. Qc3 Qa2 25. Rb5 Bb7 26. h4 Qb1+ 27. Kh2 Ne4 28. Qc1
Qxc1 29. Bxc1 Bc8 30. f3 Nc5 31. Ba3 Bd7 32. Rxc5 dxc5 33. Bxc5 Ra8 34. d6 c6
35. e4 fxe4 36. fxe4 Ra2 37. Kg1 Rb2 38. b4 Kf7 39. Bf1 Ke8 40. Bg2 Be6 41. Bf1
Rc2 42. Kh1 Rc1 43. Kg2 Bxc4 44. Bxc4 Rxc4 45. Kf3 h5 46. Ke3 Rc3+ 47. Kf2 Rd3
48. Kg2 Kf7 49. Kf2 Ke6 50. Kg2 Rxd6 51. Bxd6 Kxd6 52. Kf3 c5 53. bxc5+ Kxc5 54.
g4 g6 55. gxh5 gxh5 0-1

[Event "4th London Classic Open"]
[Site "London ENG"]
[Date "2012.12.05"]
[Round "5"]
[White "Coleman,D"]
[Black "Harari,Z"]
[Result "1-0"]
[WhiteTitle "CM"]
[WhiteElo "2268"]
[BlackElo "2143"]
[WhiteFideId "402087"]
[BlackFideId "2002639"]
[EventDate "2012.12.01"]

1. e4 e6 2. d4 d5 3. Nc3 Bb4 4. e5 Ne7 5. a3 Bxc3+ 6. bxc3 b6 7. Qg4 Nf5 8. h4
Ba6 9. Bxa6 Nxa6 10. Qe2 Nb8 11. h5 h6 12. g4 Ne7 13. f4 Qd7 14. a4 Nbc6 15. Nf3
Na5 16. Nh4 Nc4 17. Rf1 g6 18. hxg6 fxg6 19. f5 g5 20. fxe6 Qxe6 21. Rf6 Qd7 22.
Ng2 O-O-O 23. Ne3 Rdf8 24. Nxc4 dxc4 25. Qf3 Qe8 26. Qa8+ Kd7 27. e6+ Kd6 28.
Ba3+ c5 29. dxc5+ Ke5 30. Qf3 Qa8 31. Rxf8 Rxf8 32. Qxa8 Rxa8 33. cxb6 Kxe6 34.
b7 Rb8 35. Bxe7 Kxe7 36. Rb1 Kd6 37. Rb4 Kd5 38. Kd2 a5 39. Rb5+ Ke4 40. Rxa5
Rxb7 41. Rf5 Rg7 42. Ke2 h5 43. Rc5 hxg4 44. Rxc4+ Kf5 45. Kf2 Rh7 46. Kg2 Re7
47. a5 Re5 48. Ra4 Re2+ 49. Kf1 Re7 50. a6 Ra7 51. Kg2 Ke5 52. Kg3 Kd6 53. Kxg4
Kc7 54. Kxg5 Kb8 55. Kf6 Rc7 56. a7+ Ka8 57. c4 Rh7 58. Ke6 Rh6+ 59. Kd5 Rh5+
60. Kd6 Rh6+ 61. Kc5 Rh5+ 62. Kb4 Rh4 63. Kb5 Rh6 64. c5 Rh5 65. Rf4 Kxa7 66.
Rf7+ Kb8 67. Kb6 Rh8 68. c6 Rg8 69. Rb7+ Ka8 70. Ra7+ 1-0

[Event "4th London Classic Open"]
[Site "London ENG"]
[Date "2012.12.05"]
[Round "5"]
[White "Sayers,R"]
[Black "Gunajew,R"]
[Result "0-1"]
[BlackTitle "FM"]
[WhiteElo "2153"]
[BlackElo "2260"]
[WhiteFideId "404870"]
[BlackFideId "1116037"]
[EventDate "2012.12.01"]

1. c4 Nf6 2. g3 e5 3. Bg2 Nc6 4. Nc3 g6 5. e3 Bg7 6. Nge2 d6 7. d4 O-O 8. O-O
Bd7 9. b4 exd4 10. exd4 Nxb4 11. Rb1 c5 12. dxc5 dxc5 13. Bxb7 Rb8 14. Bg2 Bf5
15. Bf4 Bxb1 16. Bxb8 Qxd1 17. Rxd1 Bc2 18. Bxa7 Bxd1 19. Nxd1 Nd7 20. Ndc3 Re8
21. Kf1 Bxc3 22. Nxc3 Re6 23. Bb7 Nd3 24. Ne4 Kg7 25. Nd2 Re1+ 26. Kg2 Re2 27.
Bc8 Rxf2+ 28. Kg1 N7e5 29. Bxc5 Rxd2 0-1

[Event "4th London Classic Open"]
[Site "London ENG"]
[Date "2012.12.05"]
[Round "5"]
[White "Quinn,Joh"]
[Black "Berry,N"]
[Result "1/2-1/2"]
[BlackTitle "FM"]
[WhiteElo "2127"]
[BlackElo "2247"]
[WhiteFideId "405043"]
[BlackFideId "2400650"]
[EventDate "2012.12.01"]

1. d4 d5 2. c4 c6 3. Nf3 Nf6 4. Nc3 a6 5. c5 Bf5 6. Nh4 Be6 7. Qc2 g6 8. h3 Bg7
9. e3 Ne4 10. Nxe4 dxe4 11. Qxe4 Bd5 12. Qc2 e5 13. Nf3 exd4 14. exd4 Bxf3 15.
gxf3 Qxd4 16. Be3 Qxb2 17. Qe4+ Qe5 18. Rb1 Qxe4 19. fxe4 Ra7 20. Be2 Nd7 21.
O-O Ke7 22. Rb3 Be5 23. Rfb1 Rb8 24. Kg2 Nf8 25. f4 Bc7 26. Kf3 Ne6 27. h4 f5
28. h5 fxe4+ 29. Kxe4 Kf6 30. hxg6 hxg6 31. Bg4 a5 32. a4 Re8 33. Kf3 Raa8 34.
Rxb7 Rab8 35. Rxb8 Rxb8 36. Rxb8 Bxb8 37. Ke4 1/2-1/2

[Event "4th London Classic Open"]
[Site "London ENG"]
[Date "2012.12.05"]
[Round "5"]
[White "Tan,Ju2"]
[Black "White,A"]
[Result "1-0"]
[WhiteElo "2239"]
[BlackElo "2112"]
[WhiteFideId "3206882"]
[BlackFideId "2402041"]
[EventDate "2012.12.01"]

1. e4 d6 2. d4 Nf6 3. Nc3 g6 4. f4 Bg7 5. Nf3 O-O 6. Bd3 Nc6 7. e5 dxe5 8. fxe5
Nh5 9. Be3 Bg4 10. Be2 f6 11. exf6 exf6 12. Qd2 Qe7 13. O-O-O Rfe8 14. Rhe1 Rad8
15. h3 Be6 16. g4 Ng3 17. Bd3 f5 18. Bg5 Bf6 19. Bxf6 Qxf6 20. Qf4 Nxd4 21. Nxd4
Rxd4 22. Qxg3 fxg4 23. Ne4 1-0

[Event "4th London Classic Open"]
[Site "London ENG"]
[Date "2012.12.05"]
[Round "5"]
[White "Stephan,Ax"]
[Black "Lenier,J"]
[Result "1-0"]
[WhiteElo "2233"]
[BlackElo "2069"]
[WhiteFideId "4632834"]
[BlackFideId "470678"]
[EventDate "2012.12.01"]

1. e4 e5 2. d4 exd4 3. Qxd4 Nc6 4. Qe3 Nf6 5. e5 Ng4 6. Qe4 d5 7. exd6+ Be6 8.
Ba6 Na5 9. Be2 Nf6 10. Qa4+ Nc6 11. dxc7 Qxc7 12. Nf3 Bc5 13. O-O O-O 14. Nc3
Rfe8 15. Qh4 Bf5 16. Bg5 Ne4 17. Bd3 Nxg5 18. Nxg5 Qd7 19. Rad1 h6 20. Nf3 Rad8
21. Qf4 Bxd3 22. Rxd3 Bd6 23. Qh4 Nb4 24. Rd2 Qf5 25. Rxd6 Rxd6 26. Qxb4 Rb6 27.
Qa4 Rd8 28. b4 Qg4 29. a3 Rg6 30. Ne1 a6 31. g3 Rg5 32. Ng2 Rh5 33. Nf4 Rg5 34.
Nce2 Re5 35. Nc1 Rd1 36. Ncd3 Re4 37. Rxd1 Qxd1+ 38. Kg2 g5 39. Nd5 Re6 40. h3
g4 41. hxg4 Qxg4 42. N5f4 Re7 43. Qa5 Qd7 44. Nd5 Re6 45. N3f4 Rd6 46. c4 b5 47.
Kh2 bxc4 48. Qc5 c3 49. Nxc3 h5 50. Ne4 1-0

[Event "4th London Classic Open"]
[Site "London ENG"]
[Date "2012.12.05"]
[Round "5"]
[White "Seymour,T"]
[Black "Jackson,J"]
[Result "1/2-1/2"]
[WhiteElo "2093"]
[BlackElo "2222"]
[WhiteFideId "412112"]
[BlackFideId "416860"]
[EventDate "2012.12.01"]

1. e4 c5 2. Nf3 Nc6 3. c3 Nf6 4. e5 Nd5 5. Bc4 Nb6 6. Bb3 d5 7. exd6 Qxd6 8. Na3
a6 9. O-O Be6 10. Re1 Bd5 11. d4 cxd4 12. Nxd4 Bxb3 13. Qxb3 Nxd4 14. cxd4 e6
15. Bd2 Be7 16. Ba5 Nd5 17. Nc4 Qd7 18. Nb6 Nxb6 19. Bxb6 Rc8 20. d5 Qxd5 21.
Qxd5 exd5 22. Rad1 Rc6 23. Bd4 f6 24. Bc3 Kf7 25. Rxd5 Rd8 26. Rxd8 Bxd8 27. g3
b5 28. Re4 Bc7 29. Kg2 f5 30. Re2 g5 31. h3 h5 32. a3 g4 33. hxg4 hxg4 34. Bd4
Rc4 35. Be3 Be5 36. f4 Bf6 37. Kf2 a5 38. Bb6 a4 39. Rd2 Ke6 40. Ke3 b4 41. Kd3
Rc6 42. Bd4 Bxd4 43. Kxd4 bxa3 44. bxa3 Rb6 45. Re2+ Kd6 46. Re3 Rb1 47. Kc4 Rb2
48. Rd3+ Ke6 49. Re3+ Kd6 50. Rd3+ Kc6 51. Re3 Rf2 52. Re6+ Kd7 53. Re3 Kd6 54.
Kd4 Rd2+ 55. Kc3 Rd1 56. Kc4 Ra1 57. Rd3+ Kc6 58. Kb4 Rf1 59. Kxa4 Rf3 60. Rb3
Kc5 61. Rb5+ Kc4 62. Rxf5 Rxg3 63. Rf8 Rg1 64. f5 g3 65. f6 Kd5 66. Re8 g2 67.
Re2 Kc6 68. f7 Rf1 69. Rxg2 Rxf7 1/2-1/2

[Event "4th London Classic Open"]
[Site "London ENG"]
[Date "2012.12.05"]
[Round "5"]
[White "Duncan,P"]
[Black "Grant,J"]
[Result "0-1"]
[WhiteElo "2071"]
[BlackElo "2217"]
[WhiteFideId "405787"]
[BlackFideId "2400294"]
[EventDate "2012.12.01"]

1. b3 e5 2. Bb2 Nc6 3. e3 d6 4. Nf3 Nf6 5. c4 g6 6. d4 Bg7 7. dxe5 Nd7 8. Nc3
Ndxe5 9. Nxe5 Nxe5 10. Be2 O-O 11. Qd2 Be6 12. O-O a5 13. f4 Nd7 14. e4 f5 15.
exf5 Bxf5 16. Qd5+ Rf7 17. Qxb7 Nc5 18. Qd5 a4 19. Rae1 axb3 20. axb3 Nxb3 21.
c5 Na5 22. cxd6 c6 23. Qd2 Nb3 24. Qd1 Qb6+ 25. Kh1 Qb4 26. g4 Bd7 27. Qc2 Nd4
28. Qc1 Nxe2 29. Rxe2 Bxg4 30. Re7 Qxd6 31. Rxf7 Kxf7 32. f5 Bxf5 33. Qg5 Qe6
34. Qh4 Kg8 35. Re1 Qf6 36. Qc4+ Qf7 37. Qb4 Re8 38. Ra1 Bh3 39. Kg1 Rf8 0-1

[Event "4th London Classic Open"]
[Site "London ENG"]
[Date "2012.12.05"]
[Round "5"]
[White "Szalontay,Mihaly"]
[Black "Jetzl,J"]
[Result "0-1"]
[WhiteElo "2011"]
[BlackElo "2208"]
[WhiteFideId "746967"]
[BlackFideId "1601172"]
[EventDate "2012.12.01"]

1. e4 c6 2. d4 d5 3. e5 Bf5 4. h4 Qb6 5. g4 Bd7 6. c4 dxc4 7. Nc3 Be6 8. Bg2 Na6
9. Be3 Rd8 10. Qe2 Bd5 11. Bxd5 cxd5 12. a3 e6 13. f4 h5 14. gxh5 Nh6 15. Nf3
Nf5 16. Kf2 Rxh5 17. Rag1 Nb8 18. Ng5 Rh8 19. Na4 Qc6 20. Qd1 b5 21. Nc3 Qb6 22.
h5 Nc6 23. h6 Rxh6 24. Rxh6 gxh6 25. Nf3 a5 26. Ne2 b4 27. a4 Rc8 28. Rg8 Nce7
29. Rg1 Kd7 30. Ng3 Nxg3 31. Rxg3 Nf5 32. Rg8 Be7 33. Qg1 Qb8 34. Rxc8 Qxc8 35.
Ke2 Qh8 36. Bf2 Qh7 37. Kd2 Ng7 38. Ne1 c3+ 39. bxc3 bxc3+ 40. Kxc3 Bb4+ 41. Kb2
Qh8 42. Nc2 Qb8 43. Ka2 Bc3 44. Qc1 Nf5 45. Qa3 Bd2 46. Qc5 Qc7 47. Qb5+ Qc6 48.
Kb3 Qxb5+ 49. axb5 Kc7 50. Ka4 h5 51. Ne1 Bxe1 52. Bxe1 h4 53. Kxa5 h3 54. Ka6
Kb8 55. Bb4 h2 56. Bc5 h1=Q 57. Ba7+ Ka8 58. b6 Qf1+ 0-1

[Event "4th London Classic Open"]
[Site "London ENG"]
[Date "2012.12.05"]
[Round "5"]
[White "Guo,E"]
[Black "Guerrero,An"]
[Result "0-1"]
[WhiteTitle "WIM"]
[WhiteElo "2000"]
[BlackElo "2206"]
[WhiteFideId "3200795"]
[BlackFideId "3902048"]
[EventDate "2012.12.01"]

1. d4 e6 2. Nf3 c5 3. e3 Nf6 4. Bd3 b6 5. O-O Bb7 6. Nbd2 Be7 7. c3 Nc6 8. e4
cxd4 9. cxd4 Nb4 10. Bb1 Ba6 11. Re1 Bd3 12. a3 Bxb1 13. axb4 Bd3 14. Qb3 Bb5
15. d5 exd5 16. Nd4 Bc6 17. e5 Ne4 18. Nf5 g6 19. Nd6+ Bxd6 20. exd6 O-O 21.
Nxe4 dxe4 22. b5 Bb7 23. f3 Qf6 24. fxe4 Qxd6 25. Bh6 Rfe8 26. Rad1 Qc5+ 27. Be3
Qe7 28. Qd3 Rad8 29. Bf4 Bxe4 30. Bd6 Qe6 31. Qd4 Qg4 32. Rd2 Re6 33. Bg3 d5 34.
Rde2 h5 35. Be5 Bf5 36. Qc3 d4 37. Qc7 Rde8 38. Qxa7 d3 39. Rf2 f6 40. h3 Qb4 0-1

[Event "4th London Classic Open"]
[Site "London ENG"]
[Date "2012.12.05"]
[Round "5"]
[White "Stone,A ENG"]
[Black "Mehringer,Joerg"]
[Result "1/2-1/2"]
[WhiteElo "2203"]
[BlackElo "1874"]
[WhiteFideId "404985"]
[BlackFideId "12915351"]
[EventDate "2012.12.01"]

1. c4 Nf6 2. g3 g6 3. Bg2 Bg7 4. Nc3 O-O 5. e4 d6 6. Nge2 c5 7. d3 Nc6 8. O-O a6
9. h3 Rb8 10. a4 Bd7 11. Be3 e6 12. f4 Qc7 13. g4 Ne7 14. Qd2 Rfd8 15. e5 Ne8
16. Ne4 Bc6 17. exd6 Nxd6 18. Qc2 b6 19. Rae1 Nb7 20. b3 Qd7 21. Rd1 f5 22. Nf2
Bxg2 23. Kxg2 Qc6+ 24. Kh2 1/2-1/2

[Event "4th London Classic Open"]
[Site "London ENG"]
[Date "2012.12.05"]
[Round "5"]
[White "Johansson,To"]
[Black "Pert,R"]
[Result "0-1"]
[BlackTitle "IM"]
[WhiteElo "2100"]
[BlackElo "2454"]
[WhiteFideId "1703269"]
[BlackFideId "404748"]
[EventDate "2012.12.01"]

1. c4 e6 2. g3 d5 3. Bg2 Nf6 4. Nf3 dxc4 5. Na3 Bxa3 6. bxa3 b5 7. Rb1 a6 8. Ne5
Nd5 9. Bb2 Bb7 10. O-O O-O 11. Ba1 Qc8 12. e3 Nd7 13. Nxd7 Qxd7 14. Qh5 f6 15.
f4 f5 16. Qh3 Rab8 17. g4 Nf6 18. Bxf6 Rxf6 19. Bxb7 Rxb7 20. g5 Rf8 21. a4 Qxd2
22. axb5 Rxb5 23. Rbd1 Qxa2 24. Rd7 Qe2 25. Rxc7 Re8 26. Rf2 Rb1+ 27. Kg2 Qd1
28. Rxc4 Qd5+ 0-1

[Event "4th London Classic Open"]
[Site "London ENG"]
[Date "2012.12.05"]
[Round "5"]
[White "Schneider,Ig"]
[Black "Cannon,Ri"]
[Result "1-0"]
[WhiteTitle "FM"]
[WhiteElo "2376"]
[BlackElo "2071"]
[WhiteFideId "2019043"]
[BlackFideId "408670"]
[EventDate "2012.12.01"]

1. e4 e6 2. d4 d5 3. Nd2 Nf6 4. e5 Nfd7 5. c3 c5 6. Bd3 Nc6 7. Ngf3 Be7 8. O-O
g5 9. dxc5 g4 10. Nd4 Ndxe5 11. Bb5 Bd7 12. Bxc6 bxc6 13. Qe2 Ng6 14. f4 gxf3
15. N2xf3 Qc7 16. b4 e5 17. Nb3 f6 18. Bh6 Rg8 19. Kh1 Kd8 20. Rf2 Rb8 21. a3
Qc8 22. Qd2 Qa6 23. a4 Qb7 24. Be3 Ke8 25. Na5 Qc7 26. Raf1 Be6 27. Qe2 Qc8 28.
Ng1 Bg4 29. Qd2 Rf8 30. Ne2 Be6 31. Ng3 Nh4 32. Nh5 f5 33. Bg5 f4 34. Ng7+ Kd7
35. Nxe6 Kxe6 36. Bxe7 Kxe7 37. Qe2 Ng6 38. b5 cxb5 39. axb5 Qxc5 40. Nc6+ Kd6
41. Nxb8 Rxb8 42. Rd1 Qxc3 43. Qa2 Rxb5 44. Qxa7 Ne7 45. Rff1 Rc5 46. Qb8+ Ke6
47. Qh8 Qc2 48. Rde1 Qf5 49. Ra1 Rc6 50. Qb8 Kf7 51. Ra7 Re6 52. Qb5 e4 53. Qb8
Re5 54. Qd6 f3 55. gxf3 exf3 56. Qa3 f2 57. Qg3 Re2 58. Kg2 Qe4+ 59. Qf3+ Ke6
60. Qxe4+ dxe4 61. Rxf2 Re3 62. Rb2 Ng6 63. Rxh7 Nf4+ 64. Kf1 Rf3+ 65. Rf2 Nd3
66. Rxf3 exf3 67. Rh3 Ne5 68. Rg3 Kf5 69. h4 Kf4 70. Rg1 Ng4 71. h5 Ne3+ 72. Kf2
Ng4+ 73. Rxg4+ 1-0

[Event "4th London Classic Open"]
[Site "London ENG"]
[Date "2012.12.05"]
[Round "5"]
[White "Eames,R"]
[Black "Millward,R"]
[Result "1-0"]
[WhiteTitle "FM"]
[WhiteElo "2263"]
[BlackElo "2048"]
[WhiteFideId "408743"]
[BlackFideId "405698"]
[EventDate "2012.12.01"]

1. d4 d5 2. c4 c6 3. Nf3 Nf6 4. e3 e6 5. b3 Be7 6. Bb2 Nbd7 7. Bd3 O-O 8. O-O b6
9. Nbd2 Bb7 10. Ne5 c5 11. f4 dxc4 12. bxc4 Qc7 13. Qe2 Rad8 14. Rad1 Bd6 15. g4
cxd4 16. exd4 Bb4 17. g5 Nxe5 18. fxe5 Nd7 19. Ne4 Rfe8 20. Rf4 Nf8 21. Rdf1 Ng6
22. Rg4 Rd7 23. h4 Red8 24. Rf3 Ne7 25. Nf6+ gxf6 26. gxf6+ Ng6 27. Rfg3 b5 28.
h5 Qc6 29. d5 Bc5+ 30. Kf1 exd5 31. hxg6 fxg6 32. Bxg6 Kh8 33. cxb5 Qe6 34. Rh4
Rg8 35. Bxh7 1-0

[Event "4th London Classic Open"]
[Site "London ENG"]
[Date "2012.12.05"]
[Round "5"]
[White "Wallace,P"]
[Black "Hoegener,C"]
[Result "1-0"]
[WhiteElo "2193"]
[BlackElo "2037"]
[WhiteFideId "2500892"]
[BlackFideId "4000978"]
[EventDate "2012.12.01"]

1. e4 e6 2. d4 d5 3. Nd2 Nf6 4. e5 Nfd7 5. Bd3 c5 6. c3 Nc6 7. Ne2 cxd4 8. cxd4
Qb6 9. Nf3 Bb4+ 10. Bd2 Bxd2+ 11. Qxd2 Qb4 12. Rc1 Qxd2+ 13. Kxd2 Nb6 14. h4 Bd7
15. h5 Nb4 16. Nc3 Nxd3 17. Kxd3 h6 18. Nd2 Ke7 19. f4 Rac8 20. b3 Rc7 21. g4
Rhc8 22. a4 Na8 23. Nf3 Rh8 24. f5 a6 25. Nh4 Be8 26. Ng2 Kd8 27. Nf4 Bd7 28.
fxe6 fxe6 29. Rhf1 Rc8 30. Rc2 Nc7 31. Ng6 Rg8 32. Rcf2 Ne8 33. Rf7 Rc7 34. Ne7
Bb5+ 35. axb5 Rxe7 36. bxa6 bxa6 37. Na4 g6 38. Nc5 gxh5 39. gxh5 Rg5 40. Nxa6
Rxh5 41. Nc5 Rh3+ 42. R1f3 Rxf3+ 43. Rxf3 Ng7 44. Rf6 h5 45. Rh6 Kc7 46. Rh7 Kc6
47. Nxe6 Rxe6 48. Rxg7 Rh6 49. Rg3 Kd7 50. Ke3 h4 51. Rh3 Rb6 52. Kf4 Rb4 53.
Rd3 Ke6 54. Kg4 h3 55. Kxh3 Kf5 56. Kh4 Rb6 57. Kh5 Ke4 58. Rd1 Kf5 59. Rf1+ Ke4
60. e6 Kxd4 61. Re1 Rb8 62. e7 Re8 63. Kg6 Kc3 64. Kf7 Ra8 65. e8=Q Rxe8 66.
Rxe8 Kxb3 67. Rd8 Kc4 68. Ke6 1-0

[Event "4th London Classic Open"]
[Site "London ENG"]
[Date "2012.12.05"]
[Round "5"]
[White "Spivack,S"]
[Black "McKerracher,D"]
[Result "1-0"]
[WhiteElo "2192"]
[BlackElo "2034"]
[WhiteFideId "404780"]
[BlackFideId "2401002"]
[EventDate "2012.12.01"]

1. Nc3 d5 2. d4 f5 3. Bf4 c6 4. Qd3 Nf6 5. O-O-O e6 6. h3 Qa5 7. g4 Na6 8. Qg3
b5 9. gxf5 b4 10. Nb1 Ne4 11. Qh4 exf5 12. f3 Be7 13. Qe1 Nd6 14. e3 Qxa2 15.
Qg3 Nf7 16. Qxg7 Be6 17. Bd3 Kd7 18. Qg2 Rhg8 19. Qe2 Nc7 20. h4 Rg7 21. Nh3
Bxh4 22. Bxc7 Kxc7 23. Nf4 1-0

[Event "4th London Classic Open"]
[Site "London ENG"]
[Date "2012.12.05"]
[Round "5"]
[White "Ilfeld,E"]
[Black "Carlile,Orison"]
[Result "1-0"]
[WhiteElo "2191"]
[BlackElo "2016"]
[WhiteFideId "2803470"]
[BlackFideId "2504120"]
[EventDate "2012.12.01"]

1. e4 e6 2. d4 d5 3. e5 c5 4. c3 Nc6 5. Nf3 Nh6 6. Bxh6 gxh6 7. Be2 Qb6 8. Qd2
Bd7 9. O-O Bg7 10. Na3 O-O 11. Nc2 f6 12. exf6 Rxf6 13. Ne5 Nxe5 14. dxe5 Rff8
15. f4 Rad8 16. Kh1 Qc7 17. Bg4 Qc6 18. Rae1 Be8 19. Bh3 Bg6 20. g3 Rf7 21. b3
b5 22. Bg2 Qa6 23. Ra1 Bf8 24. Ne3 h5 25. f5 Bxf5 26. Nxf5 exf5 27. Qg5+ 1-0